Current contents : agriculture, biology and environmental sciences : 1998 annual /

Base de datos en que se pueden consultar las tablas de contenido de aproximadamente 990 revistas y libros que tienen como tema la agricultura, la biología y las ciencias ambientales. La información se actualiza semanalmente; el concentrado anual se edita en un disco compacto.

Uloženo v:
Podrobná bibliografie
Médium: Elektronický zdroj
Jazyk:španělština
Vydáno: Filadelfia, EUA : Institute for Scientific Information, 1998, c1998
Témata:
Tagy: Přidat tag
Žádné tagy, Buďte první, kdo vytvoří štítek k tomuto záznamu!

MARC

LEADER 00000nmm^a2200000^a^4500
001 000105438
005 20250521000000.0
009 20260310093458.902
037 |a Acervo ITESO - Biblioteca 
041 |a ESP 
082 |a 620.  |b CUR 1998-abe 
240 1 1 |a [Current contents] 
245 1 0 |a Current contents :  |b agriculture, biology and environmental sciences : 1998 annual / 
264 4 |a Filadelfia, EUA :  |b Institute for Scientific Information,  |c 1998, c1998 
300 |a 1 disco compacto de computadora 
336 |a datos para computadora  |b cod  |2 rdacontenido 
337 |a computadora  |b c  |2 rdamedio 
338 |a disco de computadora  |b cd  |2 rdasoporte 
520 |a Base de datos en que se pueden consultar las tablas de contenido de aproximadamente 990 revistas y libros que tienen como tema la agricultura, la biología y las ciencias ambientales. La información se actualiza semanalmente; el concentrado anual se edita en un disco compacto. 
649 |a XX 
650 |a Zoología 
650 |a Biología 
650 |a Agricultura 
650 |a Biotecnología 
650 |a Industria Alimenticia 
650 |a Recursos Naturales 
650 |a Desarrollo Sustentable 
650 |a Conservación y Protección Ambiental 
650 |a Ingeniería Ambiental 
910 |a Fondo General 
920 |a Electrónicos - Recursos en Disco 
905 |a 207 
901 |a 0800000173  |b IT2  |c SWB  |u 20250521 
902 |a https://opac.biblio.iteso.mx/vufind/Record/000105438